LEADER 01122nam a2200289 u 4500 001 000000071861 003 CaOOAMICUS 005 20070226122158.0 008 020606s1991 it u000 u ita u 020 $a8830804878 035 $a10932349 040 $aPUL(R)$bita 245 03$aLe grandi figure dell'induismo /$cM. Amaladoss ... [et al.]. 260 $aAssisi :$bCittadella,$c1991. 300 $a320 p. ;$c20 cm 490 1 $aReligioni e dialogo 504 $aContiene indicazioni bibliografiche. 650 4$aInduismo.$0(OLS)http://pul/subject/21774 700 1 $aAmaladoss, Michael,$cS.I.$0(OLS)http://pul/name/47629 830 0$aReligioni e dialogo.$0(OLS)http://pul/title/92060 850 $aPUL 852 $aPUL$W1$xDP1 Cons. Gen., Altre Classi 1$y22$m780 A 144$j92953$nBK-PRI$b $qStampati$B92953$CPULBib$Z2$F92953 $H $81 941 1 $a8 961 $aINV: 69943 996 $6020$a8830804878$9(OLS)http://pul/number/92803 996 $6245$aLe grandi figure dell'induismo$9(OLS)http://pul/title/94576 996 $6260$aAssisi :$bCittadella$9(OLS)http://pul/publisher/49668 LEADER 01119nam a2200277 u 4500 001 000000058252 003 CaOOAMICUS 005 20070226120654.0 008 010530s1983 cau u000 u eng u 020 $a0060663197 035 $a10890876 040 $aPUL(R)$bita 100 1 $aNovak, Michael,$d1933-2017.$0(OLS)http://pul/name/31524 245 10$aConfession of a catholic /$cMichael Novak. 260 $aSan Francisco :$bHarper & Row,$c1983. 300 $a221 p. ;$c21 cm 504 $a"Selected bibliography": p. 219-221. 650 04$aChiesa cattolica$xpastorale$xgiovani.$0(OLS)http://pul/subject/2596 650 4$aEresie ed eretici.$0(OLS)http://pul/subject/770 850 $aPUL 852 $aPUL$W1$xDP1 Altre Collocazioni$y17$mSenza collocazione$j12$nBK-PRI$b $qStampati$B76112$CPULBib$Z2$F76112 $H $81 941 1 $a8 961 $aINV: Dedica dell'autore. 996 $6020$a0060663197$9(OLS)http://pul/number/73793 996 $6245$aConfession of a catholic$9(OLS)http://pul/title/78020 996 $6260$aSan Francisco :$bHarper & Row$9(OLS)http://pul/publisher/69354